000 00646nam a2200181 i 4500
001 63795
003 ES-MaACL
005 20250905063042.0
007 t|
008 031217s1957 sp ||||1| spa d
100 1 _aFigueras Pacheco, Francisco,
_d1880-1960
_950766
245 1 3 _aLa imprenta en Alicante en el siglo XVIII /
_cFrancisco Figueras Pacheco.
260 _aAlicante :
_bComisión Provincial de Monumentos,
_c1957 (
_fImp. Layetana)
300 _a58 p. ;
_c21 cm.
710 2 _aComisión Provincial de Monumentos Históricos y Artísticos (Alicante)
_93061
852 _aES-MaACL
_j1999-F-4
_bR.40234
999 _c63795
_d63795